| 000 | 01000nam a22002535a 4500 | ||
|---|---|---|---|
| 999 |
_c24170 _d24142 |
||
| 003 | EG-ScBUE | ||
| 005 | 20190204140923.0 | ||
| 008 | 170215m20152013ua frb 000 0 ara d | ||
| 020 | _a9789770474013 | ||
| 040 |
_aEG-ScBUE _bara _cEG-ScBUE _dEG-ScBUE |
||
| 043 | _ama----- | ||
| 082 | 0 | 4 |
_a345.49270268 _bع ب د _222 |
| 100 | 1 | _aعبد الظاهر، أحمد. | |
| 245 | 1 | 2 |
_aالمواجهة الجنائية لغسل الأموال في التشريعات العربية / _cأحمد عبد الظاهر. |
| 250 | _aط. 1. | ||
| 260 |
_aالقاهرة : _bدار النهضة العربية : _bنادي القضاة، _c2015-2013. |
||
| 300 |
_a961 ص. ؛ _c24 سم. |
||
| 504 | _aيشتمل على إرجاعات ببليوجرافية. | ||
| 541 |
_aد. أحمد حمد ؛ _cإهداء ؛ |
||
| 650 | 7 |
_aغسيل الأموال _xقوانين وتشريعات _zالدول العربية. _2BUEsh |
|
| 651 | _2BUEsh | ||
| 653 |
_bLLAAWW _cFebruary2017 _cFebruary2019 |
||
| 942 | _2ddc | ||